Дело о награждении некоторых чиновников Санкт-Петербургского цензурного комитета за выслугу лет следующими чинами, а именно: Бут...

Доступно только в Электронных читальных залах Найти на картеНа карте
RUSMARC
00003670nmc2a22002413x 450
00199ceaf6a-c505-4091-b2e6-502e1a5e2a24
00520251022231425.0
100##$a20250422l18451849k l0rusy0189 ca
1010#$arus
102##$aRU
105##$ay###
1222#$ad
2001#$aДело о награждении некоторых чиновников Санкт-Петербургского цензурного комитета за выслугу лет следующими чинами, а именно: Бутовского, Гуща, Тымовсого, Модзелевского, Шостаковского, Оберта, Соколова, Афанасьева, Елизарова, Предтеченского
$j1 апреля 1845 г. - 28 июля 1849 г.
215##$a65 л.
$d36,5х26 см
251##$cДело
300##$aНа обложке указано: "№35"
371##$aДокумент не является опубликованным и широко распространяемым
461#0$10012b5b8419-5ce4-4d16-a7a3-85720a295f1f
$12001
$aКанцелярия министра народного просвещения
$1251
$cФонд
$1852
$j735
462#0$1001562cc287-b13c-4f02-8029-f81535ba1e2e
$12001
$aКанцелярия министра народного просвещения
$1251
$cОпись
$1852
$j2
801#0$aRU
$bРГИА
$c20250422
$gRCR
801#1$aRU
$bГлавНИВЦ
$c20250422
$2rusmarc
801#2$aRU
$bПБ им. Б.Н. Ельцина
$c20251022
$gRCR
$2rusmarc
850##$aРГИА
852##$aРГИА
$eФедеральное казенное учреждение "Российский государственный исторический архив" (РГИА)
$j535
937##$hРГИА
$d12421453
$aASBIBLIO_SCAN
035##$aRusGRCC00085524
856##$uhttp://readingroom.main.prlib.ru/item.aspx?id_node=n198615077&mode=full
Формат отображения